00458nam a2200169Ia 450000500170000000800410001702000220005804100120008008200110009210000190010324500450012225000080016726000490017550000080022465000390023270000170027120240823050616.0240823s9999||||xx |||||||||||||| ||und|| a978-81-7319-978-3 aENGLISH A515 Q3 aSomasundaram D 2aA First Course in Mathematical analysis a1st c2013bNarosa Book Distributors Pvt.aChennai aYES aMathematical AnalysisbMathematics a Choudhary B